Zmeny v právnej úprave zdaňovania príjmov fyzických osôb a ich vplyv na daňové zaťaženie v podmienkach SR bakalárska práca

Salvato in:
Dettagli Bibliografici
Autore principale: Kohaniová, Katarína
Ente Autore: Fakulta hospodárskej informatiky EU. Katedra účtovníctva a audítorstva
Altri autori: Vašeková, Miroslava, 1978-
Natura: Libro
Lingua:slovacco
Pubblicazione: Bratislava 2017
Tags: Aggiungi Tag
Nessun Tag, puoi essere il primo ad aggiungerne!!

MARC

LEADER 00000nbm a2200000 4500
001 0233193
005 20180412140610.0
041 0 |a slo 
044 |a SK 
245 1 0 |a Zmeny v právnej úprave zdaňovania príjmov fyzických osôb a ich vplyv na daňové zaťaženie v podmienkach SR  |b bakalárska práca  |c Katarína Kohaniová ; školiteľ: Miroslava Vašeková 
264 1 |a Bratislava  |c 2017 
300 |a 36 s. 
100 1 |a Kohaniová, Katarína 
700 1 |a Vašeková, Miroslava, 1978- 
710 2 |a Fakulta hospodárskej informatiky EU. Katedra účtovníctva a audítorstva